Ultimo - un verso a canzone - Statistics

Statistiche generali
  • Questo quiz è stato fatto 1.280 volte
  • Il punteggio medio è 29 su 61
Statistiche sulle risposte
% Corretto
Pianeti Pianeti È la fantasia che {trasforma} {in} {pianeti} {i} {sassi}
81%
Pianeti Sogni appesi Da quando ero bambino, solo un obiettivo, {dalla} {parte} {degli} {ultimi} {per} {sentirmi} {primo}
79%
Pianeti Giusy E ricorda è dal dolore {che} {si} {può} {ricominciare}
76%
Pianeti Sabbia Se devo avere poco scelgo {di} {avere} {niente}
75%
Peter Pan La stella più fragile dell'universo Se riniziasse un'altra vita non chiederei che fosse infinita,{mi} {basterebbe} {sapere} {che} {esisti}, che è lo stesso il profumo che porti
72%
Colpa delle favole I tuoi particolari Se solamente {dio} {inventasse} {delle} {nuove} {parole} potrei scrivere per te nuove canzoni d'amore
71%
Peter Pan Il ballo delle incertezze Che per stare in pace con te stesso e col mondo {devi} {avere} {sognato} {almeno} {per} {un} {secondo}
67%
Pianeti Il capolavoro Mischio le lacrime {col} {vino} {rosso}
67%
Peter Pan Poesia senza veli Vorresti avere avuto un Natale, non tanto per un regalo {ma} {per} {sentirti} {un} {regalo}
67%
Pianeti Chiave Per chi si vanta di esser forte io che invece {incido} {un}'{altra} {debolezza}
64%
Peter Pan Ti dedico il silenzio Se soltanto avessi pace {saprei} {esser} {come} {loro}
64%
Pianeti Racconterò di te Perché ho sempre avuto tutto e {amato} {ciò} {che} {mi} {è} {mancato}
62%
Pianeti Ovunque tu sia Perché ogni vita pesa {a} {seconda} {degli} {sbagli}
60%
Colpa delle favole Piccola stella Hai da sempre compreso la mia nostalgia {dei} {giorni} {ormai} {persi} ed ormai andati via
58%
Solo Tutto questo sei tu Ho bisogno di amarti {ma} {non} {come} {vuoi} {tu}
57%
Peter Pan Cascare nei tuoi occhi Vorrei svegliare con te il mio vicino {per} {il} {casino} {e} {non} {dargli} {mai} {pace}
57%
Peter Pan Canzone stupida Avessi avuto solo un briciolo di dignità {ti} {avrei} {mandata} {a} {fare} {in} {culo} {un} {anno} {fa}
56%
Pianeti L'eleganza delle stelle Che poi se si potesse dipingerei il cielo, rinascerei perché {non} {meriti} {quello} {che} {ero}
56%
Solo Sul finale E sono sempre io che rovino tutto sul finale, {che} {allontano} {le} {persone} ma poi da solo non ci riesco a stare
56%
Single Vieni nel mio cuore Ogni volta che ti guardo penso a {come} {stai}, {a} {come} {vivi}, {a} {quanto} {sei} {felice}
56%
Solo 22 settembre Io sento una missione e ti giuro che andrò a meta, {cantare} {in} {pieno} {inverno} per dar la primavera
55%
Peter Pan Buon viaggio Fai buon viaggio e butta quelle sigarette {perché} {meriti} {di} {vivere} {per} {sempre}
54%
Solo Niente Io sono il solito stronzo {che} {parla} {sempre} {di} {sé} ma lo faccio perché tu non veda la parte vera di me
54%
Colpa delle favole Amati sempre Le confesso che non guardo mai i suoi occhi da vicino {perché} {poi} {ci} {casco} {dentro} e non mi accorgo che respiro
54%
Colpa delle favole Colpa delle favole E se di notte sogno poco {di} {giorno} {sognerò} {di} {più}
53%
Colpa delle favole Ipocondria Mi sono chiesto spesso che cosa fosse il tempo,{se} {in} {fondo} {quando} {ti} {amo} il mondo non lo sento
53%
Colpa delle favole Quando fuori piove Ma quando vivi troppo insieme {poi} {qualcosa} {se} {ne} {va}
52%
Pianeti L'unica forza che ho {Che} {non} {ho} {visto} {mai} {occhi} {più} {grandi}, blu come il cielo che avevo davanti
51%
Pianeti Mille Universi E quando suono, solamente quando suono {riesco} {a} {dirti} {io} {chi} {sono}
50%
Solo Quel filo che ci unisce E mi domando se ti domandi tu che senso c'ha parlare di tristezza se,se {accanto} {c'è} {qualcuno} {con} {cui} {ridere}
49%
Colpa delle favole Quella casa che avevamo in mente E tu occupavi un posto troppo grande, e certo {adesso} {è} {strano} {non} {parlarne} di quella casa che avevamo in mente
49%
Solo Il bambino che contava le stelle Ho le tasche bucate e {i} {sogni} {sono} {caduti} qui, qui, qui
49%
Solo Buongiorno vita Non dirmi no, tanto {saprei} {amarti} {pure} {come} {idea}
47%
Peter Pan Dove il mare finisce È la strada più {assurda/giusta} {quella} {senza} {di} {te/me}
45%
Peter Pan Peter Pan - Vuoi volare con me? In questo posto in cui volano stelle e {se} {alzi} {il} {braccio} {puoi} {prenderle} {tutte}
45%
Peter Pan Vorrei soltanto amarti Siamo parole dette a caso {da} {un} {pazzo} {che} {non} {gli} {dà} {peso}
45%
Pianeti Wendy Sono triste per la gente {che} {non} {prova} {più} {emozione}
45%
Solo Spari sul petto Ti regalo questo vuoto che ho dentro, è la {vittoria} {di} {chi} {ha} {vinto} {perdendo}
44%
Colpa delle favole Rondini al guinzaglio {Portami} {dovunque} {basta} {che} {ci} {sia} {posto} per una birra e qualche vecchio rimpianto
42%
Colpa delle favole La stazione dei ricordi Potrei cantare per cent'anni e direi le stesse cose e {non} {è} {monotonia}, è il mio rifugio personale
41%
Colpa delle favole Fateme canta' Pe' quer padre che se strigne l'occhi davanti a suo fijio {pe'} {proteggeje} {i} {sogni}
40%
Pianeti Stasera E provaci ad essere vera come {i} {tuoi} {occhi} {al} {mattino}
39%
Peter Pan Domenica Vorrei sapere che mi manca ora, ora {che} {ho} {tutto} {quello} {che} {volevo}
39%
Solo Solo Però ti guardo е siamo simili, simili, simili, {entrambi} {col} {sorriso} {e} {i} {lividi}, {lividi}, {lividi}
38%
Peter Pan Forse dormirai Io resto qua a bere qualcosa {in} {questo} {stupido} {bar}
37%
Peter Pan Farfalla bianca Ma dice che oggi vola ed è li la ricchezza {rinchiude} {in} {un} {minuto} {vent'anni} {di} {cose}
37%
Peter Pan Le stesse cose che facevo con te Lei che dice "fumare fa male è sbagliato", {tu} {che} {mi} {reggevi} {quando} {ero} {ubriaco}
34%
Pianeti La storia di un uomo Ma come puoi cancellare il ricordo del sole {a} {chi} {ora} {vive} {senza} {una} {finestra}
33%
Solo Supereroi A volte sento che {non} {basta} {una} {vita} per mostrare a te quello che ho dentro
32%
Solo Quei ragazzi Io mi sento come {le} {sere} {d'estate}, la malinconia
32%
Solo 7+3 Tu porti l'immenso dentro un mio discorso e se {scrivo} {di} {te} {non} {metterò} {mai} {un} {punto}
32%
Peter Pan Il vaso E all'inizio mi illusi che sarebbe potuto {tornare} {come} {era} {prima}
30%
Colpa delle favole Il tuo nome - comunque vada con te Sulle porte che ho già chiuso {ma} {per} {te} {riaprirò}
30%
Colpa delle favole Aperitivo grezzo Due, tre, quattro del capo {in} {fondo} {lo} {sai} {che} {li} {prendo}
29%
Solo La finestra di Greta Greta, {sappi} {amare} {un} {sogno}, conservalo per te stessa
29%
Colpa delle favole Fermo Le storie hanno un senso finché non ti siedi ed occhi negli occhi {ti} {guardi} {e} {non} {vedi}
26%
Solo 2:43 am {Mi} {chiedo} {perché} questa vita abbia scelto poi me
26%
Solo Isolamento Tu non lo sai, {ma} {di} {notte} {noi} {ci} {vediamo} in mezzo a corti respiri sul mio divano
26%
Peter Pan La casa di un poeta Fa male ad un poeta guardare fuori {dove} {tutto} {è} {com'è}
23%
Solo Non amo Non amo {la} {religione} che avanza mentre indietreggia
22%
Solo Non sapere mai dove si va Provare {nostalgia} {tra} {un} {anno}, anche questo ti serve
18%
Nessun quiz corrispondente trovato
Distribuzione punteggi
Percentuale di utenti per punteggio
Percentile per numero di risposta
I tuoi punteggi nel tempo
Non hai fatto questo quiz